| 000 -LEADER |
| fixed length control field |
00323nam a2200109Ia 4500 |
| 008 - FIXED-LENGTH DATA ELEMENTS--GENERAL INFORMATION |
| fixed length control field |
190723s9999 xx 000 0 und d |
| 100 ## - MAIN ENTRY--PERSONAL NAME |
| Personal name |
Gul Shahzad Serwar |
| 245 #0 - TITLE STATEMENT |
| Title |
Perspectives of Pakistan Studies with an introduction to Pakistan affairs |
| 260 ## - PUBLICATION, DISTRIBUTION, ETC. (IMPRINT) |
| Place of publication, distribution, etc |
Karachi |
| Name of publisher, distributor, etc |
Iqra Publisher |
| Date of publication, distribution, etc |
2017 |
| 300 ## - PHYSICAL DESCRIPTION |
| Extent |
447.:P |
| 942 ## - ADDED ENTRY ELEMENTS (KOHA) |
| Koha item type |
Books |